[Event "Women's World Rapid Championship 2012"]
[Site "Batumi GEO"]
[Date "2012.06.02"]
[Round "7.5"]
[White "Khurtsidze, Nino"]
[Black "Zhao, Xue"]
[Result "1-0"]
[WhiteTitle "IM"]
[BlackTitle "GM"]
[WhiteElo "2456"]
[BlackElo "2549"]
[WhiteFideId "13600320"]
[BlackFideId "8601283"]
[EventDate "2012.05.31"]

1. d4 b6 2. e4 Bb7 3. Bd3 e6 4. Nf3 c5 5. c3 Nf6 6. e5 Nd5 7. O-O cxd4 8. cxd4
Ba6 9. Nc3 Nxc3 10. bxc3 Bxd3 11. Qxd3 d5 12. exd6 Bxd6 13. d5 Be7 14. Qe2 Qxd5
15. Rd1 Qb7 16. Qb5+ Qc6 17. a4 O-O 18. Ne5 Qc7 19. Bf4 Qxc3 20. Rac1 Qb4 21.
Rc7 Qxf4 22. Rxe7 a6 23. Qb2 Qxa4 24. Rc1 Qb5 25. Qa1 a5 26. Nxf7 e5 27. Nxe5
Qe2 28. Rxg7+ Kxg7 29. Nf3+ Rf6 30. Rc7+ Kg8 31. Rc8+ Kf7 32. Rc7+ Ke8 33. Qd4
Qe6 34. Ne5 Na6 35. Qa4+ Kf8 36. Nd7+ Kg8 37. Nxf6+ Qxf6 38. Qa2+ Kh8 39. Rf7
Qe5 40. Qb1 Qg7 41. Rxg7 Kxg7 42. Qxb6 Re8 43. g3 1-0

[Event "Women's World Rapid Championship 2012"]
[Site "Batumi GEO"]
[Date "2012.06.02"]
[Round "7.6"]
[White "Tan, Zhongyi"]
[Black "Harika, Dronavalli"]
[Result "1-0"]
[WhiteTitle "WGM"]
[BlackTitle "GM"]
[WhiteElo "2430"]
[BlackElo "2508"]
[WhiteFideId "8603642"]
[BlackFideId "5015197"]
[EventDate "2012.05.31"]

1. d4 g6 2. Nf3 Nf6 3. c4 Bg7 4. Nc3 d5 5. cxd5 Nxd5 6. e4 Nxc3 7. bxc3 c5 8.
Rb1 O-O 9. Be2 b6 10. O-O Qc7 11. Qb3 Bb7 12. d5 Nd7 13. c4 e5 14. a4 Rab8 15.
Bb2 h6 16. Rfe1 Qd6 17. Bc3 Rbe8 18. a5 f5 19. Nd2 Bc8 20. axb6 axb6 21. Qb5 Re7
22. Qc6 Re6 23. Qxd6 Rxd6 24. Bd3 f4 25. Ra1 g5 26. Be2 Rdf6 27. Bg4 f3 28. Nxf3
Rf4 29. Be6+ Kh8 30. Bxd7 Rxf3 31. gxf3 Bxd7 32. Re3 b5 33. Ra7 Be8 34. cxb5
Bxb5 35. Kg2 Kg8 36. Rb7 Ba6 37. Re7 Bf6 38. Re6 Bc8 39. Rc6 h5 40. h3 Bd7 41.
Rxc5 Ra8 42. d6 Re8 43. Rd3 Kf7 44. Rdd5 g4 45. hxg4 hxg4 46. Bxe5 Rg8 47. Rc7 1-0

[Event "Women's World Rapid Championship 2012"]
[Site "Batumi GEO"]
[Date "2012.06.02"]
[Round "7.7"]
[White "Paehtz, Elisabeth"]
[Black "Guo, Qi"]
[Result "1/2-1/2"]
[WhiteTitle "IM"]
[BlackTitle "WGM"]
[WhiteElo "2491"]
[BlackElo "2360"]
[WhiteFideId "4641833"]
[BlackFideId "8604002"]
[EventDate "2012.05.31"]

1. e4 e6 2. d4 d5 3. Nc3 Nf6 4. e5 Nfd7 5. f4 c5 6. Nce2 Nc6 7. Nf3 Be7 8. c3
O-O 9. a3 a5 10. Ng3 cxd4 11. cxd4 f5 12. exf6 Nxf6 13. Bd3 Qb6 14. Ne2 Bd7 15.
O-O Bd6 16. Kh1 Ne7 17. Ne5 Bxe5 18. dxe5 Ng4 19. Nd4 Nh6 20. Be3 Qd8 21. g4 Nc6
22. h3 Nxd4 23. Bxd4 Rc8 24. Qe1 Ba4 25. Qe2 Rc4 26. Bxc4 dxc4 27. Bc3 Qh4 28.
Kh2 Rd8 29. Qg2 Rd3 30. Rf3 Bc6 31. Raf1 Nxg4+ 32. Qxg4 Qxg4 33. hxg4 Bxf3 34.
Rg1 b6 35. Rg3 Kf7 36. f5 Be4 37. Rxd3 cxd3 38. fxe6+ Kxe6 39. Kg3 a4 40. Kf4
Bd5 41. Ke3 Bc4 42. Kd4 b5 43. Bd2 h6 44. Ke4 g5 45. Bc3 Bd5+ 46. Ke3 Bg2 47.
Kf2 Bh3 48. Kf3 Bf1 49. Kf2 Be2 50. Kg3 Bd1 51. Kh3 h5 52. gxh5 Bxh5 53. Kg3 Kf5
54. Bd2 Bf7 55. Kf2 g4 56. Ke3 Bc4 57. e6 Kf6 58. Bc3+ Ke7 59. Bb4+ Kf6 60. Bc3+
Ke7 61. Bb4+ Kxe6 62. Kf4 Ba2 63. Kxg4 Ke5 64. Kf3 Kd4 65. Bc3+ Kc4 66. Ke3 Bb1
67. Kd2 Kb3 68. Bg7 b4 69. axb4 Kxb4 70. Bf6 Kb3 71. Bg7 Bc2 72. Bf6 Bb1 1/2-1/2

[Event "Women's World Rapid Championship 2012"]
[Site "Batumi GEO"]
[Date "2012.06.02"]
[Round "7.8"]
[White "Mkrtchian, Lilit"]
[Black "Muzychuk, Mariya"]
[Result "1-0"]
[WhiteTitle "IM"]
[BlackTitle "IM"]
[WhiteElo "2449"]
[BlackElo "2456"]
[WhiteFideId "13300601"]
[BlackFideId "14114550"]
[EventDate "2012.05.31"]

1. Nf3 d5 2. d4 Nf6 3. c4 c6 4. e3 Bg4 5. Qb3 Qb6 6. Ne5 Bf5 7. cxd5 Qxb3 8.
axb3 Nxd5 9. Bd3 Bxd3 10. Nxd3 e6 11. Bd2 Nd7 12. Na3 Be7 13. b4 a6 14. Nc4
O-O-O 15. Ke2 N5b6 16. Na5 Bd6 17. Nc5 Bxc5 18. bxc5 Nd5 19. Nc4 Rdf8 20. e4 Nc7
21. Bf4 f6 22. Rhd1 Nb5 23. f3 g5 24. Bg3 h5 25. h3 f5 26. Nd6+ Nxd6 27. Bxd6
Rf7 28. d5 exd5 29. exd5 Re8+ 30. Kf2 Ne5 31. b4 Kd7 32. Bxe5 Rxe5 33. d6 f4 34.
Re1 Rff5 35. Rxe5 Rxe5 36. Re1 Rd5 37. Re7+ Kc8 38. Re8+ Kd7 39. Rb8 a5 40.
Rxb7+ Ke6 41. Re7+ Kf6 42. bxa5 Rxc5 43. a6 Ra5 44. a7 h4 45. Rb7 Ra2+ 46. Ke1
Ra1+ 47. Kd2 Ra2+ 48. Kc3 Ke6 49. d7 Ke7 50. d8=Q+ 1-0

[Event "Women's World Rapid Championship 2012"]
[Site "Batumi GEO"]
[Date "2012.06.02"]
[Round "7.10"]
[White "Dzagnidze, Nana"]
[Black "Socko, Monika"]
[Result "1-0"]
[WhiteTitle "GM"]
[BlackTitle "GM"]
[WhiteElo "2547"]
[BlackElo "2484"]
[WhiteFideId "13601903"]
[BlackFideId "1106619"]
[EventDate "2012.05.31"]

1. d4 Nf6 2. c4 g6 3. Nc3 Bg7 4. e4 d6 5. Be2 O-O 6. Bg5 Na6 7. Qd2 e5 8. d5 Qe8
9. f3 Bd7 10. Bd1 h5 11. Nge2 Nh7 12. Be3 Qe7 13. Bc2 Nb4 14. Ba4 a5 15. Bxd7
Qxd7 16. O-O Na6 17. Nc1 b6 18. Nd3 f5 19. f4 Rae8 20. fxe5 dxe5 21. exf5 gxf5
22. Bh6 Rf6 23. Bxg7 Qxg7 24. Rae1 Rf7 25. Nf4 Qh6 26. Qd1 Nf6 27. Ne6 Ng4 28.
Qf3 Nc5 29. h3 e4 30. Nxe4 Nxe6 31. dxe6 Rxe6 32. hxg4 hxg4 33. Qg3 fxe4 34.
Rxf7 Kxf7 35. Qxc7+ Kg8 36. Qc8+ Kg7 37. Qd7+ Kg8 38. Qd8+ Kg7 39. Qd4+ Qf6 40.
Qd7+ Qe7 41. Qd4+ Qf6 42. Qd2 Qe5 43. b3 Qc5+ 44. Re3 Rd6 45. Qe2 Rd1+ 46. Kh2
Qd6+ 47. Rg3 Qh6+ 48. Rh3 gxh3 49. Qxd1 hxg2+ 50. Kxg2 Qg5+ 51. Kh3 Qe3+ 52. Kg4
Kf6 53. Qd6+ Kf7 54. Qf4+ Qxf4+ 55. Kxf4 Ke6 56. Kxe4 Kd6 57. Kd4 Kc6 58. a3 Kd6
59. b4 axb4 60. axb4 Kc6 61. Ke5 Kc7 62. Kd5 Kd7 63. b5 Kc7 64. Ke6 Kb7 65. Kd6 1-0

[Event "Women's World Rapid Championship 2012"]
[Site "Batumi GEO"]
[Date "2012.06.02"]
[Round "7.14"]
[White "Pogonina, Natalija"]
[Black "Lomineishvili, Maia"]
[Result "1-0"]
[WhiteTitle "WGM"]
[BlackTitle "IM"]
[WhiteElo "2447"]
[BlackElo "2366"]
[WhiteFideId "4147855"]
[BlackFideId "13600656"]
[EventDate "2012.05.31"]

1. e4 c6 2. d4 g6 3. Nc3 d5 4. h3 Bg7 5. Nf3 Nf6 6. Bd3 dxe4 7. Nxe4 Nxe4 8.
Bxe4 Nd7 9. O-O O-O 10. Bf4 Qb6 11. Rb1 Rd8 12. Bg5 Nf6 13. Bd3 h6 14. Bh4 g5
15. Bg3 g4 16. hxg4 Bxg4 17. Be5 c5 18. c3 Nd5 19. Qe2 cxd4 20. cxd4 Bxe5 21.
Qxe5 Bxf3 22. Qg3+ Kh8 23. Qxf3 Qxd4 24. Be4 Nf6 25. Bxb7 Rab8 26. Rfe1 Qb4 27.
Ba6 Rg8 28. Bd3 Rg5 29. Bf5 Rbg8 30. Bh3 Nh5 31. Re4 Qb7 32. Rbe1 e6 33. Kh1
R8g7 34. R4e3 Qxb2 35. Rb3 Qf6 36. Rb8+ Rg8 37. Qxf6+ Nxf6 38. Rb7 R8g7 39. Rxa7
Nd5 40. Re4 Nc3 41. Rc4 Nd1 42. Kg1 Rd5 43. Rc2 Rb5 44. g3 Rb1 45. Kh2 Ra1 46.
Bg2 f5 47. Ra8+ Rg8 48. Ra6 Re8 49. Bf3 f4 50. gxf4 Rf8 51. Rd6 Nxf2 52. Rxf2
Rxf4 53. Rxe6 Kg7 54. Kg3 Rf5 55. Ree2 Rg1+ 56. Rg2 Rf1 57. Ref2 Ra1 58. Kh2+
Kf6 59. Bd5 Rxf2 60. Rxf2+ Kg5 61. Bc6 Rc1 62. Bb5 Ra1 63. a4 h5 64. Kg3 Ra3+
65. Rf3 Ra1 66. Rc3 Rg1+ 67. Kh3 Ra1 68. Rc5+ Kf6 69. Rxh5 Ke6 70. Rc5 Kd6 71.
Rc2 Kd5 72. Kg4 Kd6 73. Kf5 Kd5 74. Kf6 Kd6 75. Kf7 Re1 76. Kf6 Ra1 77. Kf5 Re1
78. Kf4 Re7 79. a5 Re1 80. a6 Ra1 81. Ke4 Ra5 82. Be2 Ra4+ 83. Ke3 Ra5 84. Kd2
Ra3 85. Kc1 Ra5 86. Kb2 Kd7 87. Kb3 Kd6 88. Ra2 Kd5 1-0

[Event "Women's World Rapid Championship 2012"]
[Site "Batumi GEO"]
[Date "2012.06.02"]
[Round "7.17"]
[White "Melia, Salome"]
[Black "Khotenashvili, Bela"]
[Result "1/2-1/2"]
[WhiteTitle "IM"]
[BlackTitle "IM"]
[WhiteElo "2410"]
[BlackElo "2500"]
[WhiteFideId "13602446"]
[BlackFideId "13602640"]
[EventDate "2012.05.31"]

1. e4 c6 2. d4 d5 3. Nc3 dxe4 4. Nxe4 Nf6 5. Nxf6+ gxf6 6. c3 Qd5 7. c4 Qe4+ 8.
Be3 h5 9. Ne2 h4 10. Nf4 Qf5 11. Bd3 Qa5+ 12. Bd2 Qb6 13. Bc3 Bh6 14. Qf3 Rg8
15. h3 Qc7 16. Bd2 Nd7 17. O-O-O Nf8 18. Kb1 Bg5 19. Rhe1 Qd6 20. Bc2 Ne6 21.
Nxe6 Bxe6 22. d5 cxd5 23. Ba5 Qf4 24. Qxf4 Bxf4 25. cxd5 Bd7 26. Bb4 e5 27. dxe6
fxe6 28. Bb3 Rxg2 29. Bxe6 Bxe6 30. Rxe6+ Kf7 31. Re7+ Kg6 32. Bc3 Rxf2 33. Rxb7
Rf3 34. Rg1+ Bg5 35. Rb5 Rg3 36. Rh1 Re8 37. Ra5 Ree3 38. Rxa7 Rxh3 39. Rd1 Rd3
40. Re1 Rhe3 41. Rf1 Rf3 42. Rh1 h3 43. Kc2 Rde3 44. Ra8 Re2+ 45. Kb3 h2 46. Rh8
Bf4 47. Rf8 Be5 48. Rh8 Rxb2+ 49. Kxb2 Bxc3+ 50. Kc2 Be5 51. a4 Ra3 52. Ra8 Kf5
53. a5 Kg4 54. a6 Kf3 55. a7 Kg2 56. Rxh2+ Bxh2 57. Rg8+ Bg3 58. a8=Q+ Rxa8 59.
Rxa8 f5 60. Kd1 f4 61. Ra2+ Bf2 62. Ke2 f3+ 63. Kd3 Kg3 64. Ke4 Bc5 65. Rc2 f2
66. Rxf2 1/2-1/2

[Event "Women's World Rapid Championship 2012"]
[Site "Batumi GEO"]
[Date "2012.06.02"]
[Round "7.18"]
[White "Mammadova, Gulnar"]
[Black "Danielian, Elina"]
[Result "1-0"]
[WhiteTitle "WIM"]
[BlackTitle "GM"]
[WhiteElo "2345"]
[BlackElo "2484"]
[WhiteFideId "13403508"]
[BlackFideId "13300210"]
[EventDate "2012.05.31"]

1. e4 e6 2. d4 d5 3. Nc3 Nf6 4. Bg5 Be7 5. e5 Nfd7 6. Bxe7 Qxe7 7. f4 O-O 8. Nf3
c5 9. dxc5 Nc6 10. Qd2 Qxc5 11. O-O-O Rb8 12. Bd3 f6 13. exf6 Nxf6 14. Rhe1 b5
15. Ne5 Nxe5 16. Rxe5 b4 17. Ne2 b3 18. axb3 Rxb3 19. Nc3 Rb4 20. f5 Qb6 21. b3
Bd7 22. fxe6 Bxe6 23. Rde1 Bf7 24. h3 Rc8 25. Kd1 Rd4 26. Na4 Qc6 27. R1e2 Ne4
28. Qe3 Rxa4 29. bxa4 Bg6 30. Bxe4 Bxe4 31. Rxe4 dxe4 32. Qxe4 Rd8+ 33. Kc1 Qh6+
34. Qe3 Qh5 35. g4 Qf7 36. Qb3 Kf8 37. Qxf7+ Kxf7 38. Kb2 Kf6 39. Re3 Rd7 40. c4
Kg5 41. Kc3 Kf4 42. Rd3 Rc7 43. Kb4 g5 44. c5 Ke4 45. Rd1 Ke5 46. Kc4 Ke6 47.
Rd5 Rg7 48. c6 h6 49. Kc5 Rh7 50. Rd6+ Ke5 51. Rd7 Rh8 52. c7 Rc8 53. Kc6 Ke6
54. Rd8 1-0

[Event "Women's World Rapid Championship 2012"]
[Site "Batumi GEO"]
[Date "2012.06.02"]
[Round "7.19"]
[White "Zhukova, Natalia"]
[Black "Klinova, Masha"]
[Result "1-0"]
[WhiteTitle "GM"]
[BlackTitle "IM"]
[WhiteElo "2442"]
[BlackElo "2318"]
[WhiteFideId "14101513"]
[BlackFideId "2802015"]
[EventDate "2012.05.31"]

1. d4 d6 2. Nf3 Nf6 3. c4 g6 4. Nc3 Bg7 5. Bf4 O-O 6. e3 c5 7. h3 cxd4 8. exd4
Nc6 9. Be2 Bf5 10. O-O h6 11. d5 Nb8 12. Nd4 Bd7 13. b4 a5 14. b5 Be8 15. Bf3
Nbd7 16. Nc6 bxc6 17. dxc6 Nc5 18. c7 Qxc7 19. Bxa8 Ne6 20. Bd2 Qxc4 21. b6 Qa6
22. b7 Bc6 23. Rb1 Nd7 24. Qe2 Qxe2 25. Nxe2 Rb8 26. Bxa5 Ndc5 27. Rfc1 Be5 28.
Bc3 Bxc3 29. Nxc3 Nd8 30. a4 Ndxb7 31. Bxb7 Bxb7 32. Nd5 e6 33. Ne3 Kf8 34. Rxc5
dxc5 35. a5 Ra8 36. Rxb7 Rxa5 37. Nc4 Ra1+ 38. Kh2 Rd1 39. Ne5 Rd5 40. Nxf7 h5
41. f4 c4 42. Rc7 Ke8 43. Ng5 e5 44. Rxc4 exf4 45. h4 Rf5 46. Ne6 Kf7 47. Nxf4
g5 48. Nxh5 gxh4 49. Rxh4 Kg6 50. Ng3 Ra5 51. Rb4 Kg5 52. Ne4+ Kh5 53. Kh3 1-0

[Event "Women's World Rapid Championship 2012"]
[Site "Batumi GEO"]
[Date "2012.06.02"]
[Round "7.20"]
[White "Arabidze, Meri"]
[Black "Matnadze, Ana"]
[Result "0-1"]
[WhiteTitle "WIM"]
[BlackTitle "IM"]
[WhiteElo "2351"]
[BlackElo "2446"]
[WhiteFideId "13604040"]
[BlackFideId "13601377"]
[EventDate "2012.05.31"]

1. d4 Nf6 2. c4 e6 3. Nf3 b6 4. g3 Bb7 5. Bg2 Be7 6. Nc3 O-O 7. O-O Ne4 8. Bd2
f5 9. Qc2 Nxc3 10. Bxc3 Be4 11. Qd2 Bf6 12. Rfd1 d6 13. b4 Nd7 14. a4 Qe7 15.
Ne1 Bxg2 16. Nxg2 g5 17. Re1 Qg7 18. Ra3 Rae8 19. a5 Rf7 20. b5 h5 21. axb6 axb6
22. Ra7 Nc5 23. f3 Nb3 24. Qd3 Bxd4+ 25. Bxd4 Qxd4+ 26. Qxd4 Nxd4 27. Kf2 f4 28.
gxf4 gxf4 29. Rg1 Kh7 30. Rga1 e5 31. R1a2 e4 32. fxe4 Rxe4 33. Rb2 f3 34. exf3
Rxf3+ 35. Kg1 Rf7 36. Rf2 Nf3+ 37. Rxf3 Rxf3 38. Rxc7+ Kg8 39. Rc6 h4 40. h3
Rxh3 41. Rxb6 Rd3 42. Rb8+ Kg7 43. Rb7+ Kf6 44. Kf2 h3 45. Ne1 Rd2+ 46. Kg3 Rxe1
47. Kxh3 Re3+ 0-1

[Event "Women's World Rapid Championship 2012"]
[Site "Batumi GEO"]
[Date "2012.06.02"]
[Round "7.22"]
[White "Charkhalashvili, Inga"]
[Black "Janjghava, Natia"]
[Result "1/2-1/2"]
[WhiteTitle "WGM"]
[BlackTitle "WIM"]
[WhiteElo "2334"]
[BlackElo "2306"]
[WhiteFideId "13601431"]
[BlackFideId "13600389"]
[EventDate "2012.05.31"]

1. d4 d5 2. c4 c6 3. cxd5 cxd5 4. Nf3 Nc6 5. Nc3 Nf6 6. e3 Bf5 7. Bd3 Bxd3 8.
Qxd3 e6 9. O-O Be7 10. a3 O-O 11. b4 Rc8 12. Bb2 Ne8 13. Nd2 1/2-1/2

[Event "Women's World Rapid Championship 2012"]
[Site "Batumi GEO"]
[Date "2012.06.02"]
[Round "7.23"]
[White "Bezgodova, Svetlana"]
[Black "Cori T., Deysi"]
[Result "0-1"]
[WhiteTitle "WIM"]
[BlackTitle "WGM"]
[WhiteElo "2120"]
[BlackElo "2386"]
[WhiteFideId "4110650"]
[BlackFideId "3801934"]
[EventDate "2012.05.31"]

1. Nf3 Nf6 2. d3 d5 3. Nbd2 g6 4. e4 Bg7 5. Be2 O-O 6. O-O c5 7. c3 Nc6 8. Re1
e5 9. a3 dxe4 10. dxe4 Qe7 11. Qc2 b6 12. Nc4 h6 13. a4 Bb7 14. Bf1 Rad8 15. a5
b5 16. a6 Bc8 17. Na3 b4 18. Nc4 Bg4 19. Nfd2 Be6 20. Nb3 Nd7 21. Be3 f5 22. f3
Qf7 23. Qe2 Nb6 24. Nba5 Nxc4 25. Nxc4 fxe4 26. fxe4 bxc3 27. bxc3 Nd4 28. Qa2
Kh7 29. Rab1 Qg8 30. cxd4 Rxf1+ 31. Rxf1 Bxc4 32. Qa5 Bxf1 33. Rxf1 exd4 34. Bf4
d3 35. Qc7 d2 36. Rd1 Qb3 37. Rxd2 Rxd2 38. Bxd2 Qd1+ 39. Kf2 Qxd2+ 40. Kf3 Qd3+
41. Kf2 Qxa6 0-1

[Event "Women's World Rapid Championship 2012"]
[Site "Batumi GEO"]
[Date "2012.06.02"]
[Round "7.25"]
[White "Gurieli, Nino"]
[Black "Umudova, Nargiz"]
[Result "1/2-1/2"]
[WhiteTitle "IM"]
[BlackTitle "WIM"]
[WhiteElo "2329"]
[BlackElo "2231"]
[WhiteFideId "13600222"]
[BlackFideId "13402137"]
[EventDate "2012.05.31"]

1. e4 c5 2. Nf3 Nc6 3. b3 a6 4. Bb2 e6 5. Be2 d6 6. d4 cxd4 7. Nxd4 Bd7 8. O-O
Nf6 9. Nd2 Be7 10. f4 Nxd4 11. Bxd4 Bc6 12. Bf3 O-O 13. c4 Nd7 14. Qe2 e5 15.
Be3 exf4 16. Bxf4 Ne5 17. Rad1 Qa5 18. Nb1 Rfe8 19. Kh1 Bf8 20. Qf2 Qc7 21. Nc3
b5 22. Nd5 Bxd5 23. cxd5 Rac8 24. Bxe5 Rxe5 25. Bg4 Rce8 26. Rc1 Qb7 27. Bc8 Qe7
28. Bxa6 Rb8 29. Rce1 b4 30. Bd3 g6 31. Rc1 Bg7 32. h3 h5 33. Rc4 Qb7 34. Rc6
Qe7 35. Rb6 Rxb6 36. Qxb6 Rg5 37. Qxb4 Rg3 38. Qd2 Qe5 39. Bb1 Qe7 40. a4 Rxb3
41. a5 Rb2 42. Qe3 Qb7 43. Bd3 Rb3 44. Qe2 Bd4 45. a6 Qd7 46. Rb1 Rxb1+ 47. Bxb1
Qa4 48. Bd3 Qa3 49. Qf1 Kg7 50. g3 Qb2 51. Be2 Qc2 52. Qf3 Qb1+ 53. Bf1 Qa2 54.
Qe2 Qa3 55. Kg2 f6 56. Qd3 Qb2+ 57. Be2 Qa1 58. Qd1 Qb2 59. h4 Qc3 60. Qd3 Qa1
61. Bf1 Bc5 62. Qc4 Qd1 63. a7 Qa1 64. Qa6 Qd4 65. Qe2 Bxa7 66. Kf3 Bc5 67. g4
hxg4+ 68. Kxg4 f5+ 69. Kh3 fxe4 70. Bg2 e3 71. Bf3 Qf4 72. Qg2 Qf6 73. h5 g5 74.
Qg4 Bd4 75. Be4 Be5 76. Qd7+ Qf7 77. h6+ Kf8 78. Qd8+ Qe8 79. Qxg5 Qf7 80. Qxe3
Qh5+ 81. Kg2 Qg4+ 82. Kf1 Qf4+ 83. Qxf4+ Bxf4 84. h7 Kg7 85. Kg2 Be5 86. Kf3 Bh2 1/2-1/2

[Event "Women's World Rapid Championship 2012"]
[Site "Batumi GEO"]
[Date "2012.06.02"]
[Round "8.1"]
[White "Koneru, Humpy"]
[Black "Lahno, Kateryna"]
[Result "0-1"]
[WhiteTitle "GM"]
[BlackTitle "GM"]
[WhiteElo "2589"]
[BlackElo "2546"]
[WhiteFideId "5008123"]
[BlackFideId "14109336"]
[EventDate "2012.05.31"]

1. d4 Nf6 2. c4 g6 3. g3 c6 4. Bg2 d5 5. cxd5 cxd5 6. Nf3 Bg7 7. Nc3 O-O 8. Ne5
e6 9. O-O Nfd7 10. Nf3 Nc6 11. Bf4 Qb6 12. Na4 Qa5 13. Rc1 Nb6 14. Nc3 Bd7 15.
b3 Rfc8 16. Bd2 Qa3 17. Nb5 Qe7 18. Bf4 a6 19. Bd6 Qd8 20. Nc3 Be8 21. Ba3 Nd7
22. e4 Qa5 23. exd5 exd5 24. Bb2 Nf6 25. Ne5 Ne7 26. Re1 Rc7 27. a3 Rac8 28. b4
Qb6 29. Qb3 Qd6 30. Bh3 Rd8 31. Rc2 Bh6 32. Rce2 b6 33. b5 Bxb5 34. Nxb5 axb5
35. Qxb5 Ne4 36. Bg2 Bd2 37. Rd1 Nc3 38. Bxc3 Bxc3 39. a4 Nf5 40. Nf3 Rc4 41.
Re8+ Rxe8 42. Qxe8+ Kg7 43. Ne5 Rc7 44. Nf3 Qf6 45. Qb8 Rc4 46. Ne5 Rxd4 47. Rc1
Bb2 48. Rb1 Rd2 49. Nd7 Qe7 50. Nxb6 Bd4 51. Nxd5 Qe2 52. Nf4 Bxf2+ 53. Kh1 Rd1+ 0-1

[Event "Women's World Rapid Championship 2012"]
[Site "Batumi GEO"]
[Date "2012.06.02"]
[Round "8.3"]
[White "Huang, Qian"]
[Black "Tan, Zhongyi"]
[Result "1/2-1/2"]
[WhiteTitle "WGM"]
[BlackTitle "WGM"]
[WhiteElo "2417"]
[BlackElo "2430"]
[WhiteFideId "8602689"]
[BlackFideId "8603642"]
[EventDate "2012.05.31"]

1. d4 Nf6 2. c4 g6 3. Nc3 Bg7 4. Nf3 O-O 5. e4 d6 6. Be2 e5 7. O-O Nc6 8. d5 Ne7
9. b4 Nh5 10. Re1 f5 11. Ng5 Nf6 12. Bf3 c6 13. b5 cxd5 14. cxd5 h6 15. Ne6 Bxe6
16. dxe6 fxe4 17. Nxe4 Nxe4 18. Bxe4 d5 19. Ba3 dxe4 20. Qxd8 Rfxd8 21. Bxe7 Re8
22. Bc5 Rxe6 23. Rxe4 a6 24. bxa6 Rexa6 25. a3 Bf8 26. Bxf8 Kxf8 27. Rxe5 Rxa3
28. Rxa3 Rxa3 29. h4 Rb3 30. h5 gxh5 31. Rxh5 Kg7 32. Rc5 Kg6 33. Kh2 Rb6 34.
Rc7 Rb3 35. Rc5 Rb6 36. Rc7 Rb3 37. Rc5 1/2-1/2

[Event "Women's World Rapid Championship 2012"]
[Site "Batumi GEO"]
[Date "2012.06.02"]
[Round "8.5"]
[White "Wang, Jue"]
[Black "Muzychuk, Anna"]
[Result "0-1"]
[BlackTitle "GM"]
[WhiteElo "2364"]
[BlackElo "2598"]
[WhiteFideId "8604070"]
[BlackFideId "14111330"]
[EventDate "2012.05.31"]

1. e4 e5 2. Nf3 Nc6 3. Bb5 a6 4. Ba4 Nf6 5. O-O Be7 6. Re1 b5 7. Bb3 O-O 8. c3
d5 9. exd5 Nxd5 10. Nxe5 Nxe5 11. Rxe5 c6 12. d3 Bd6 13. Re1 Bf5 14. Qf3 Qf6 15.
Bxd5 cxd5 16. Qxd5 Qg6 17. Nd2 Rad8 18. Qf3 Bxd3 19. Qe3 f6 20. Qh3 Rfe8 21. Nf3
Bf5 22. Qh4 Rxe1+ 23. Nxe1 Re8 24. Bf4 Re4 25. Nd3 Qe8 26. g4 Bd7 27. Qg3 g5 28.
Bxd6 Rxg4 29. Re1 Rxg3+ 30. Bxg3 Qh5 31. Nb4 Qf3 32. Re3 Qd1+ 33. Kg2 h5 34. Rd3
Bh3+ 35. Kxh3 Qf1# 0-1

[Event "Women's World Rapid Championship 2012"]
[Site "Batumi GEO"]
[Date "2012.06.02"]
[Round "8.6"]
[White "Gunina, Valentina"]
[Black "Cramling, Pia"]
[Result "1/2-1/2"]
[WhiteTitle "IM"]
[BlackTitle "GM"]
[WhiteElo "2530"]
[BlackElo "2478"]
[WhiteFideId "4167570"]
[BlackFideId "1700030"]
[EventDate "2012.05.31"]

1. d4 Nf6 2. c4 e6 3. Nf3 Bb4+ 4. Bd2 a5 5. g3 d6 6. Bg2 Nbd7 7. O-O e5 8. Nc3
O-O 9. Nd5 Bxd2 10. Qxd2 c6 11. Nxf6+ Qxf6 12. e4 c5 13. d5 Qd8 14. a4 g6 15. b3
Kg7 16. Rae1 b6 17. Nh4 Ra7 18. Qc3 Kg8 19. Qe3 Kg7 20. Bh3 Rc7 21. f3 Nb8 22.
Bxc8 Rxc8 23. f4 exf4 24. Qxf4 f6 25. Ng2 Qe7 26. Qh4 Nd7 27. Nf4 Kg8 28. Qh6
Rf7 29. Re2 Re8 30. Qh3 Nf8 31. Qg2 Qe5 32. h4 Qc3 33. Rf3 Qd4+ 34. Kh2 Rfe7 35.
Rd3 Qa1 36. Rde3 f5 37. Ne6 Nxe6 38. exf5 Nf4 39. Rxe7 Rxe7 40. gxf4 Qf6 41.
Rxe7 Qxh4+ 42. Qh3 Qxe7 43. fxg6 hxg6 44. Qg4 Kg7 45. Kg2 Qe4+ 46. Qf3 Qe1 47.
Kh3 Qe7 48. Qg3 Qe4 49. Kh2 Qc2+ 50. Kg1 Qb1+ 51. Kg2 Qc2+ 52. Kh3 Qe4 53. Qc3+
Kf7 54. Kg3 Qe2 55. Qf3 Qe1+ 56. Kg2 Qd2+ 57. Kh3 Qc2 58. Qe3 Qf5+ 59. Kg3 Kf8
60. Qc3 Kg8 61. Qe1 Kf7 62. Qe2 Kf8 63. Qe1 Kf7 64. Qe3 Kf8 65. Kh4 Qh5+ 66. Kg3
Qf5 67. Qc3 Kg8 68. Qf3 Kf7 69. Qe2 Kf8 70. Qb2 Kg8 71. Qc3 Qf7 72. Qd3 Kg7 73.
Qe4 Kf6 74. Qe1 Kg7 75. Qe4 Kf6 76. Qe3 Kg7 77. Qc3+ Kg8 78. Qc2 Kg7 79. Kg4
Qd7+ 80. Kg3 Qf5 81. Qc3+ Kg8 82. Qf3 Kf7 83. Qe2 Kf8 84. Qg4 Kg7 85. Qf3 Kf7
86. Qc3 1/2-1/2

[Event "Women's World Rapid Championship 2012"]
[Site "Batumi GEO"]
[Date "2012.06.02"]
[Round "8.7"]
[White "Guo, Qi"]
[Black "Mkrtchian, Lilit"]
[Result "1-0"]
[WhiteTitle "WGM"]
[BlackTitle "IM"]
[WhiteElo "2360"]
[BlackElo "2449"]
[WhiteFideId "8604002"]
[BlackFideId "13300601"]
[EventDate "2012.05.31"]

1. d4 d5 2. c4 e6 3. Nc3 Be7 4. Nf3 Nf6 5. Bg5 h6 6. Bxf6 Bxf6 7. e3 c6 8. Qb3
Nd7 9. Rd1 O-O 10. Bd3 b6 11. O-O Bb7 12. e4 dxe4 13. Nxe4 Qc7 14. c5 Be7 15.
Bb1 Rfd8 16. Qc2 g6 17. h4 h5 18. Nfg5 Nf8 19. Qe2 bxc5 20. dxc5 Rd5 21. Qf3 Rf5
22. Qc3 Rd5 23. Nd6 Bxg5 24. hxg5 Nd7 25. Rxd5 cxd5 26. Nxb7 Qxb7 27. c6 Qc7 28.
cxd7 Qxd7 29. Rc1 Qd8 30. Qf6 Qd7 31. Rc3 d4 32. Rf3 Rc8 33. Bxg6 fxg6 34. Qxg6+
Kh8 35. Rf7 1-0

[Event "Women's World Rapid Championship 2012"]
[Site "Batumi GEO"]
[Date "2012.06.02"]
[Round "8.8"]
[White "Zhao, Xue"]
[Black "Pogonina, Natalija"]
[Result "1-0"]
[WhiteTitle "GM"]
[BlackTitle "WGM"]
[WhiteElo "2549"]
[BlackElo "2447"]
[WhiteFideId "8601283"]
[BlackFideId "4147855"]
[EventDate "2012.05.31"]

1. d4 Nf6 2. c4 c5 3. d5 b5 4. cxb5 a6 5. bxa6 g6 6. Nc3 Bxa6 7. g3 d6 8. Bg2
Bg7 9. Nf3 Nbd7 10. Rb1 O-O 11. O-O Qa5 12. Qc2 Nb6 13. Rd1 Bc4 14. Nd2 Bxd5 15.
Nxd5 Nfxd5 16. Nb3 Nb4 17. Nxa5 Nxc2 18. Bxa8 Rxa8 19. Nc6 Bf6 20. Bd2 Nd4 21.
Nxd4 Bxd4 22. Bc3 Bxc3 23. bxc3 Nc4 24. a4 Rxa4 25. Ra1 Nb6 26. Rdb1 c4 27. e4
f5 28. exf5 gxf5 29. Rxa4 Nxa4 30. Rb4 Nxc3 31. Rxc4 Ne4 32. g4 Kf7 33. gxf5 Ng5
34. Kg2 Kf6 35. Rh4 Kxf5 36. f4 Ne6 37. Kf3 Kg6 38. Ke4 Ng7 39. Kd5 h5 40. Ke4
Kf6 41. Rh3 e6 42. Rg3 d5+ 43. Kf3 Nf5 44. Rg5 h4 45. Kg4 d4 46. Kf3 e5 47. Rg1
Nd6 48. fxe5+ Kxe5 49. Rg5+ Ke6 50. Rh5 d3 51. Ke3 Nf5+ 52. Kxd3 Ke5 53. Rg5 Kf4
54. Rg8 Kf3 55. Rf8 Kf4 56. Ke2 Kg4 57. Kf2 Nd6 58. Kg2 h3+ 59. Kf2 Nf5 60. Ra8
Kg5 61. Kf3 1-0